000 00575nam a2200229Ia 4500
003 OSt
005 20221005133141.0
006 a|||||r|||| 00| 0
007 ta
008 221004b |||||||| |||| 00| 0 mal d
024 _a55499
037 _cTextual
040 _aCRL
_cCRL
_bmal
041 _2mal
_amal
082 _aO32,3N24,1, J6
100 _aRaphy Au.
_9634673
245 0 _aVisham chattiya sthree
260 _c1956
650 _aMALAYALAM FICTION
_9183428
942 _hO32,3N24,1, J6
_cTEXL
_2cc
999 _c1065902
_d1065902